000 00632nam a2200205Ia 4500
003 GCL
008 140319s9999 xx 000 0 ara d
040 _aGCL /
_cGCL
082 0 4 _a843
_bف هـ
100 1 _aفيلد، ساره
245 1 0 _aهل يعود الحب /
_cفيلد، ساره
260 _a[S.N] :
_bدار الراتب الجامعية
300 _a123
490 _aسلاسل سوفنير
_v0
650 0 4 _aالادب الفرنسى
650 0 4 _aالادب الفارسى
650 0 4 _aالادب الفرنسى المترجم
650 0 4 _aالقصص الفرنسية المترجمة
942 _2ddc
_cBK
999 _c32247
_d32247